书目信息 |
| 题名: |
太极拳秘谱
|
|
| 作者: | 玉昆子 著 | |
| 分册: | ||
| 出版信息: | 北京 华夏出版社 2008 |
|
| 页数: | 262页 | |
| 开本: | 24cm | |
| 丛书名: | ||
| 单 册: | ||
| 中图分类: | G852.11 , G852.111.9 | |
| 科图分类: | ||
| 主题词: | 太极拳--基本知识 , 太极拳--套路(武术)--图解 , 太极拳 , 套路(武术) | |
| 电子资源: | ||
| ISBN: | 978-7-5080-4590-0 | |
| 000 | 00863nam0 2200277 45 | |
| 001 | 1130221187 | |
| 005 | 20110309094038.17 | |
| 010 | @a978-7-5080-4590-0@dCNY28.00 | |
| 100 | @a20110122e20092008em y0chiy50 ea | |
| 101 | 0 | @achi |
| 102 | @aCN@b110000 | |
| 105 | @aa z 000yy | |
| 106 | @ar | |
| 200 | 1 | @a太极拳秘谱@ATai Ji Quan Mi Pu@f玉昆子著@FYu Kun Zi Zhu |
| 210 | @a北京@c华夏出版社@d2008@h2009 | |
| 215 | @a262页@c图@d24cm | |
| 330 | @a本书包括太极拳起源说、无极桩功的理论基础、无极桩功、太极拳、太极拳推手、太极球练习的必要性、太极球演练法以及太极拳歌诀等内容。 | |
| 606 | 0 | @a太极拳@x基本知识 |
| 606 | 0 | @a太极拳@x套路(武术)@j图解 |
| 606 | 0 | @a太极拳 |
| 606 | 0 | @a套路(武术) |
| 690 | @aG852.11@v4 | |
| 690 | @aG852.111.9@v4 | |
| 701 | 0 | @a玉昆子@AYu Kun Zi@4著 |
| 801 | 0 | @aCN@bTANGWEI@c20110309 |
| 905 | @b0530636-39@dG852.11@e170@f4 | |
| 太极拳秘谱/玉昆子著.-北京:华夏出版社,2008(2009) |
| 262页:图;24cm |
| ISBN 978-7-5080-4590-0:CNY28.00 |
| 本书包括太极拳起源说、无极桩功的理论基础、无极桩功、太极拳、太极拳推手、太极球练习的必要性、太极球演练法以及太极拳歌诀等内容。 |
| ● |
| 相关链接 |
|
|
|
|
正题名:太极拳秘谱
索取号:G852.11/170
 
预约/预借
| 序号 | 登录号 | 条形码 | 馆藏地/架位号 | 状态 | 备注 |
| 1 | 0530636 | 205306364 | 第一样本阅览室/ [索取号:G852.11/170] | 在馆 | |
| 2 | 0530637 | 205306373 | 第四借阅区/ [索取号:G852.11/170] | 在馆 | |
| 3 | 0530638 | 205306382 | 密集书库-体育系/ [索取号:G852.11/170] | 在馆 | |
| 4 | 0530639 | 205306391 | 第四借阅区/ [索取号:G852.11/170] | 在馆 |